|
|
|
|
| LEADER |
01028nam a2200265 a 4500 |
| 001 |
1539341 |
| 008 |
091122s2000 ii ab b 000 0 eng d |
| 010 |
|
|
|a 90908354
|
| 020 |
|
|
|a 8121918014
|
| 040 |
|
|
|a DLC
|c DLC
|d DLC
|
| 082 |
0 |
0 |
|a 338.0495492
|2 21
|
| 100 |
1 |
|
|a Khanka, S. S.
|q (Shobhan Singh),
|d 1956-
|
| 245 |
1 |
0 |
|a Entrepreneurial development /
|c S.S. Khanka.
|
| 250 |
|
|
|a 2nd rev.ed.
|
| 260 |
|
|
|a New Delhi :
|b S. Chand & Company,
|c 2000.
|
| 300 |
|
|
|a xiii, 373 p. :
|b ill., maps ;
|c 23 cm.
|
| 500 |
|
|
|a Study conducted in Kumaun, Uttar Pradesh.
|
| 504 |
|
|
|a Includes bibliographical references.
|
| 541 |
1 |
|
|e 00012733
|
| 650 |
|
0 |
|a Entrepreneurship
|z India
|
| 650 |
|
0 |
|a Small business
|z India
|
| 650 |
|
0 |
|a Industrial surveys
|z India.
|
| 852 |
4 |
|
|a Ayesha Abed Library
|j General Shelf
|
| 999 |
|
|
|c 5904
|d 5904
|
| 952 |
|
|
|0 0
|1 0
|2 ddc
|4 0
|6 338_049549200000000_KHA
|7 0
|9 5891
|a BRACUL
|b BRACUL
|c GEN
|d 2009-12-06
|g 0.00
|l 3
|m 15
|o 338.0495492 KHA
|p 3010012733
|r 2014-12-23
|s 2014-09-09
|t 1
|w 2009-12-06
|y BK
|x No price found in the accession register.
|